| 000 | 02114nam a2200241 a 4500 | ||
|---|---|---|---|
| 001 | 000019017 | ||
| 005 | 20200929165913.0 | ||
| 008 | 100521k19801988kn a 000 0 spa d | ||
| 040 |
_aDO-SdBNP _bspa _cBNPHU |
||
| 082 |
_a320.95193 _bK49ó |
||
| 100 | 1 |
_aKim Il Sung, _d1912-1994 _940912 |
|
| 245 | 1 | 0 |
_aObras / _cKim Il Sung. |
| 260 |
_aPyongyang, Corea : _bEdiciones en Lenguas Extranjeras, _c1980. |
||
| 300 |
_av. : _bil. ; _c21 cm. |
||
| 500 | _aLa biblioteca posee los volúmenes 3-31 y 33-34. | ||
| 505 | 0 |
_gv. 3. _tEnero de 1947-diciembre de 1947 -- _gv. 4. _tEnero de 1948-diciembre de 1948 -- _gv. 5. _tEnero de 1949-Junio de 1950 -- _gv. 6. _tJunio de 1950-diciembre de 1951 -- _gv. 7. _tEnero de 1952-julio 1953 -- _gv. 8. _tAgosto de 1953-junio de 1954 -- _gv. 9. _tJulio de 1954-diciembre de 1955 -- _gv. 10. _tEnero de 1956-diciembre de 1956 -- _gv. 11. _tEnero de 1957-diciembre de 1957 -- _gv. 12. _tEnero de 1958-diciembre1958 -- _gv. 13. _tEnero de 1959-diciembre de 1959. |
|
| 505 | 0 |
_gv. 14. _tEnero de 1960-diciembre 1960 -- _gv. 15. _tEnero de 1961-diciembre 1961 -- _gv. 16. _tEnero de 1962-diciembre de 1962 -- _gv. 17. _tEnero de 1963-diciembre de 1963 -- _gv. 18. _tEnero de 1964-diciembre de 1964 -- _gv. 19. _tEnero de 1965-octubre de 1965 -- _gv. 20. _tNoviembre de 1965-diciembre de 1966 -- _gv. 21. _tEnero de 1967-diciembre de 1967 -- _gv. 22. _tEnero de 1968-septiembre de 1968 -- _gv. 23. _tOctubre de 1968-mayo de 1969 -- _gv. 24. _tJunio de 1969-diciembre de 1969 -- _gv. 25. _tEnero de 1970-diciembre de 1970 -- _gv. 26. _tEnero de 1971-diciembre de 1971 -- _gv. 27. _tEnero de 1972-diciembre de 1972 -- _gv. 28. _tEnero de 1973-diciembre de 1973 -- _gv. 29. _tEnero de 1974-diciembre de 1974 -- _gv. 30. _tEnero de 1975-diciembre de 1975 -- _gv. 31. _tEnero de 1976-diciembre de 1976 -- _gv. 33. _tEnero de 1978-diciembre de 1978 -- _gv. 34. _tEnero de 1979-diciembre de 1979. |
|
| 651 | 4 |
_aCorea Del Norte _xPolítica Y Gobierno _940913 |
|
| 651 | 4 |
_aCorea Del Norte _xCondiciones Económicas _940914 |
|
| 651 | 4 |
_aCorea Del Norte _xCondiciones Sociales _940915 |
|
| 650 | 4 |
_aComunismo _xCorea del norte _940916 |
|
| 910 | _aEn proceso | ||
| 999 |
_c18535 _d18535 |
||